| 000 | 03337 a2200337 4500 | ||
|---|---|---|---|
| 005 | 20080926104323.0 | ||
| 008 | 080926t xxu||||| |||| 00| f hin d | ||
| 010 | _aHIN-84201 B-297691-694 | ||
| 020 |
_c100.00 _a8190159348 |
||
| 035 | _aHN-56547 | ||
| 035 | _aB-297691-694 | ||
| 037 | _bDBAD / PUB | ||
| 040 |
_aDPL _bHN |
||
| 082 | _aउ | ||
| 100 | _aतुर्गेनेव, इवान | ||
| 245 |
_aप्रथम प्रेम / _cइवान तुर्गेनेव ; मधु पंडया द्वारा रूपांतरित |
||
| 246 |
_aPrathama prema _bby Ivan Turgnev |
||
| 260 |
_aदिल्ली _bराष्ट्रीय कला साहित्य एवं संस्कृति संस्थान _c2005 2006 |
||
| 270 |
_a30/35बी, गली नं.9, विश्वास नगर ,शाहदरा _bदिल्ली _cदिल्ली _e110032 |
||
| 300 |
_a103पृ, _c22 सेमी (सजिल्द) |
||
| 500 | _aरूसी उपन्यास इवान तुगर्नेव के विश्व प्रसिद्ध उपन्यास प्रथम प्रेम का हिन्दी रूपान्तरण | ||
| 650 |
_aरूसी कथा साहित्य _xहिन्दी में अनुदित |
||
| 650 |
_aRussian fiction _xTranslations into Hindi |
||
| 942 |
_adpl _cHN _kतुर्गेने _2ddc _hउ _mतुर्गेने |
||
| 999 |
_c12860 _d12860 |
||